00831 2200301 4500001002100000005001500021007000300036008004100039020002000080035002000100040001700120041000800137082001100145084001700156090002200173100001800195245010000213250001100313260003200324300004200356600001400398700001900412850001000431990002200441990002200463990002200485990002200507INLIS00000000000294220260529033154ta260529 0  a978-979-29-5081 a0010-1120000020 aSBPUPADbind07aind a657.48 a657.48 DJO b a657.48 DJO b 22-30 aDjoko Mulyono1 aBuku Pintar Akuntansi :bPerbankan dan Lembaga Keaungan Syariah /cDjoko Mulyono;editor Mulyono a--Ed 1 a--Yogyakarta :bAndi,c2015 axx,552 hlm :bilus. ;c17,5 x 24,5 cm 4aakuntansi0 aeditor Mulyono aPUPAD a28.130/P/DPK/2018 a28.131/P/DPK/2018 a28.132/P/DPK/2018 a28.133/P/DPK/2018